000 01204nam a22002177a 4500
999 _c57668
_d57668
003 Ge_BSU
005 20200901143646.0
008 200901s2013 ge ||||| |||| 00| 0 geo d
020 _a9789941107610
041 _ageo
080 _a341.9(075.8) შ-48
100 _aშენგელია, მამუკა
_92100
245 _aსაერთაშორისო სამართლის ძირითადი პრინციპების განმარტებითი ასპექტები შეიარაღებული კონფლიქტების პრობლემებთან კონტექსტში /
_cმამუკა შენგელია; რედაქტორი: მარინა კვაჭაძე.
264 _aთბილისი:
_bმერიდიანი,
_c2013.
300 _a599 გვ.
_b21 სმ.
504 _aბიბლიოგრაფია: გვ 571-585.
520 _aრეზიუმე ინგლისურ ენაზე.
653 _aსამარტალი
700 _aკვაჭაძე, მარინა
_eრედაქტორი
_99368
942 _2udc
_cBK